000 00574nam a2200217Ia 4500
003 OSt
005 20220928141545.0
006 a|||||r|||| 00| 0
007 ta
008 220927b |||||||| |||| 00| 0 eng d
024 _a15927
037 _cTextual
040 _aSDCL
_cSDCL
_beng
041 _2eng
_aeng
082 _aX:8:(Y41), L7
100 _aMaanen John Van Ed.
_9500874
245 0 _aOrganizational careers
_b Some new perspectives
260 _c1977
942 _hX:8:(Y41), L7
_cTEXL
_2CC
999 _c818290
_d818290